Normal view
MARC view
- Wajeeh ul Hassan, Syndicate No 13
Entry Personal Name
001 - CONTROL NUMBER
- control field: 48236
003 - CONTROL NUMBER IDENTIFIER
- control field: NUST
005 - DATE AND TIME OF LATEST TRANSACTION
- control field: 20210314134016.0
008 - FIXED-LENGTH DATA ELEMENTS
- fixed length control field: 210314|| aca||aabn | a|a d
040 ## - CATALOGING SOURCE
- Original cataloging agency: NUST
- Transcribing agency: NUST
100 ## - HEADING--PERSONAL NAME
- Personal name: Wajeeh ul Hassan, Syndicate No 13
670 ## - SOURCE DATA FOUND
- Source citation: Work cat.: (NUST): Wajeeh ul Hassan, Syndicate No 13, Study, investigation and documentation regarding the collapse of margalla towers, 2010
